Parliamentary committees: Strengthening the scope and role (Record no. 523837)

000 -LEADER
fixed length control field 00892nam a22001457a 4500
008 - FIXED-LENGTH DATA ELEMENTS--GENERAL INFORMATION
fixed length control field 231005b ||||| |||| 00| 0 eng d
100 ## - MAIN ENTRY--PERSONAL NAME
Personal name Purewal, Alaya and Madhavan, MR
245 ## - TITLE STATEMENT
Title Parliamentary committees: Strengthening the scope and role
260 ## - PUBLICATION, DISTRIBUTION, ETC. (IMPRINT)
Place of publication, distribution, etc Yojana
300 ## - PHYSICAL DESCRIPTION
Extent 67(9), Sep, 2023: p.17-21
520 ## - SUMMARY, ETC.
Summary, etc Parliamentary committees serve an important role in scrutinizing the work of the government and improving the quality of bills brought before parliamentary. The effectiveness of parliamentary committees is crucial to effective functioning of parliament. Reports submitted by the committees allow for informed debate in the parliament. additionally, committees provide a forum to build consensus across party lines, develop subject expertise and consult with experts and stakeholders. – Reproduced
773 ## - HOST ITEM ENTRY
Main entry heading Yojana
906 ## - LOCAL DATA ELEMENT F, LDF (RLIN)
Subject DIP PARLIAMENT
942 ## - ADDED ENTRY ELEMENTS (KOHA)
Item type Articles
Holdings
Withdrawn status Lost status Source of classification or shelving scheme Damaged status Not for loan Permanent location Current location Date acquired Serial Enumeration / chronology Barcode Date last seen Koha item type
          Indian Institute of Public Administration Indian Institute of Public Administration 2023-10-05 67(9), Sep, 2023: p.17-21 AR129730 2023-10-05 Articles

Powered by Koha